000 00810cam a2200241 4500
008 090401t1996 xxu||||| |||| 00| 0 eng d
020 _a9623672039
035 _a(Sirsi) u75986
041 _aeng
050 _a526.9
110 _aFederation International Des Geometres
245 _a8th FIG International sympsoium on deformation measurements, 25-28 June 1996, Department of Land Surveying and Geo-Informatics, Hong Kong Polytechnic University ... Hong Kong : proceedings.
260 _aHong Kong
_bHong Kong Polytechnic University
_c1996
300 _aiv,447p. : ill. ; 30cm.
350 _a0
650 _aDEFORMATION MEASUREMENTS
650 _aGLOBAL POSITIONING SYSTEMS
650 _aMODELLING
650 _aPHOTOGRAMMETRY
690 _aLAND SURVEYING
942 _n0
948 _c04/03/1997
999 _c96100
_d96100